| 000 | 00791nam a2200229 a 4500 | ||
|---|---|---|---|
| 001 | BRCA_7234 | ||
| 005 | 20190320205748.0 | ||
| 008 | 240112s1950----nyua######---#000-0#eng-# | ||
| 041 | _aeng | ||
| 044 | _anyu | ||
| 050 | 4 |
_aNK1125 _b.A68 1950 |
|
| 245 | 1 | 0 |
_aThe Antiques Book _boutstanding, authoritative articles on ceramics, furniture, glass, silver, pewter, architecture, prints and other collecting interests _ced. by Alice Winchester and the staff of the Magazine Antiques. |
| 260 |
_aNueva York _bA. A. Wyn _cc1950 |
||
| 300 |
_a319 p. _bil. _c28 cm. |
||
| 500 | _aP139 | ||
| 650 | 1 | 4 |
_aArte _eColeccionistas y colecciones _917920 |
| 650 | 1 | 4 |
_aAntiguedades _917921 |
| 650 | 1 | 4 |
_aArtes aplicadas _917922 |
| 700 | 1 |
_aWinchester, Alice _eed. _917923 |
|
| 902 | _aGFM | ||
| 942 |
_2lcc _cB |
||
| 999 |
_c6915 _d6915 |
||